Onboarding - správná péče o nováčky
Prvý deň v novej práci - čo ponúknuť nováčikom.
Saved in:
| Main Author: | |
|---|---|
| Format: | Book Chapter |
| Language: | Czech |
| Subjects: | |
| Tags: |
No Tags, Be the first to tag this record!
|
MARC
| LEADER | 00000naa a2200000 4500 | ||
|---|---|---|---|
| 001 | 0148928 | ||
| 005 | 20241125123503.8 | ||
| 041 | 0 | |a cze | |
| 044 | |a CZ | ||
| 245 | 1 | 0 | |a Onboarding - správná péče o nováčky |c Adéla Barešová |
| 520 | |a Prvý deň v novej práci - čo ponúknuť nováčikom. | ||
| 610 | 2 | 0 | |a firmy |
| 610 | 2 | 0 | |a zamestnanci |
| 610 | 2 | 0 | |a pracovisko |
| 610 | 2 | 0 | |a psychológia práce |
| 610 | 2 | 0 | |a psychológia riadenia |
| 610 | 2 | 0 | |a onboarding |
| 100 | 1 | |a Barešová, Adéla | |